00213nam a22000857a 4500008004100000082001500041245005200056260001100108300000800119230704b xxu||||| |||| 00| 0 eng d a362.2bNAC aYouth in PerilbAlcohol and Drug Abuse in Kenya bNACADA a41p